| 000 | 004930000a22001810004500 | ||
|---|---|---|---|
| 041 | 0 | _aENG | |
| 082 | 0 | 4 | _aG 242 M6471t |
| 100 | 1 | _aMiller, J. R. (James Russell) (1840-1912) | |
| 245 | 1 | 0 | _aThings to live for / J. R. Miller |
| 260 | _aNew York, USA : Thomas Y. Crowell | ||
| 300 | _a271 Pag | ||
| 650 | 1 | 4 | _aMEDITACIONES \ CONDUCTA (ETICA) |
| 001 | 4968 | ||
| 942 | _cBK | ||
| 999 |
_c35495 _d35495 |
||
| 336 |
_atexto _btxt _2rdacontent |
||
| 337 |
_2rdamedia _asin mediación _bn |
||
| 338 |
_2rdacarrier _avolumen _bnc |
||